Statistics for Anne McCaffrey Bibliography

Click here to take the quiz!

General Stats

  • This quiz has been taken 3 times
  • The average score is 12 of 140

Answer Stats

TypeYearName% Correct
Novel1969Decision at Doona
100%
Novel1979Dragondrums
100%
Novel1968Dragonflight
100%
Novel1971Dragonquest
100%
Novella1967-1968Dragonrider
100%
Novel1977Dragonsinger
100%
Novel1976Dragonsong
100%
Novel2000Acorna's World
50%
Novel1997Acorna: The Unicorn Girl
50%
Novel1991All the Weyrs of Pern
50%
Novel1978Dinosaur Planet
50%
Novel2008Dragonheart
50%
Novella1961The Ship Who Sang
50%
Novel1969The Ship Who Sang
50%
Novel1994The Ship Who Won
50%
Novel1978The White Dragon
50%
Short Story1973A Bridle for Pegasus
0%
Novel1999Acorna's People
0%
Novel1998Acorna's Quest
0%
Novel2003Acorna's Rebels
0%
Novel2001Acorna's Search
0%
Novel2004Acorna's Triumph
0%
Non-Fiction Book1997A Diversity of Dragons
0%
Short Story1985A Flock of Geese
0%
NovelTBAAfter the Fall
0%
Short Story Collection2002A Gift of Dragons
0%
Short Story1969A Meeting of Minds
0%
Children's Book1995An Exchange of Gifts
0%
Short Story1969Apple
0%
Short Story1973A Proper Santa Claus
0%
Short Story1991A Quiet One
0%
Short Story1990A Sleeping Humpty Dumpty Beauty
0%
Short Story1975A Time When
0%
Short Story1969A Womanly Talent
0%
Novella2003Beyond Between
0%
Children's Book1998Black Horses for the King
0%
Novel2010Catacombs
0%
Novel2010Catalyst
0%
Short Story1977Changeling
0%
Novel2005Changelings
0%
Short Story1981Cinderella Switch
0%
Cookbook1973Cooking Out of This World
0%
Novel1992Crisis on Doona
0%
Novel1992Crystal Line
0%
Novel1992Damia
0%
Novel1993Damia's Children
0%
Short Story1971Daughter
0%
Novel2008Deluge
0%
Novel1984Dinosaur Planet Survivors
0%
Omnibus2004Doona
0%
Novel2010Dragongirl
0%
Novel2007Dragon Harper
0%
Novel2005Dragonsblood
0%
Novel1988Dragonsdawn
0%
Novel2006Dragon's Fire
0%
Novel2003Dragon's Kin
0%
Novel2011Dragon's Time
0%
Novella1969Dramatic Mission
0%
Short Story1973Dull Drums
0%
Short Story1988Duty Calls
0%
Short Story1994Euterpe on a Fling
0%
Short Story2002Ever the Twain
0%
Short Story1973Finder's Keeper
0%
Novel2005First Warning
0%
Novel1998Freedom's Challenge
0%
Novel1996Freedom's Choice
0%
Novel1995Freedom's Landing
0%
Novel2002Freedom's Ransom
0%
Novel1991Generation Warriors
0%
Short Story Collection1977Get Off the Unicorn
0%
Short Story1979Habit Is an Old Horse
0%
Short Story1977Honeymoon
0%
Short Story1977Horse from a Different Sea
0%
Short Story1989If Madam Likes You...
0%
Children's Book1998If Wishes Were Horses
0%
Novel1986Killashandra
0%
Short Story1959Lady in the Tower
0%
Short Story1978Lady-in-Waiting
0%
Novel1994Lyon's Pride
0%
Novel2006Maelstrom
0%
Novel1983Moreta: Dragonlady of Pern
0%
Novella1986Nerilka's Story
0%
Novel1998Nimisha's Ship
0%
Children's Book1996No One Noticed the Cat
0%
Novel1992PartnerShip
0%
Novel1990Pegasus in Flight
0%
Novel2000Pegasus in Space
0%
Novel1994Power Lines
0%
Novel1995Power Play
0%
Novel1993Powers That Be
0%
Novel1996Red Star Rising
0%
Novella1991Rescue Run
0%
Novel1967Restoree
0%
Novel1971Ring of Fear
0%
Novella1998Runner of Pern
0%
Novel1990Sassinak
0%
Novel2006Second Wave
0%
Cookbook1996Serve It Forth: Cooking with Anne McCaffrey
0%
Novel2012Sky Dragons
0%
Essay1994So You're Anne McCaffrey
0%
Novel1985Stitch in Snow
0%
Short Story1970The Bones Do Lie
0%
Short Story Collection1993The Chronicles of Pern: First Fall
0%
Novel1993The City Who Fought
0%
Novella1983The Coelura
0%
Novel1982The Crystal Singer
0%
Novel1990The Death of Sleep
0%
Novella1993The Dolphins' Bell
0%
Novel1994The Dolphins of Pern
0%
Short Story1993The Ford of Red Hanrahan
0%
Novella1986The Girl Who Heard Dragons
0%
Short Story Collection1994The Girl Who Heard Dragons
0%
Short Story1970The Great Canine Chorus
0%
Short Story1977The Greatest Love
0%
Novel1975The Kilternan Legacy
0%
Novel1987The Lady
0%
Short Story1990The Mandalay Cure
0%
Novel1971The Mark of Merlin
0%
Novel1998The Masterharper of Pern
0%
Novel1989The Renegades of Pern
0%
Novel1990The Rowan
0%
Short Story1993The Second Weyr
0%
Novella1969The Ship Who Dissembled
0%
Novella1966The Ship Who Killed
0%
Novella1966The Ship Who Mourned
0%
Novel1992The Ship Who Searched
0%
Novel2001The Skies of Pern
0%
Short Story1973The Smallest Dragonboy
0%
Short Story1993The Survey: P.E.R.N.
0%
Short Story1970The Thorns of Barevi
0%
Novel1999The Tower and the Hive
0%
Novel1986The Year of the Lucy
0%
Novel2007Third Watch
0%
Short Story Collection1973To Ride Pegasus
0%
Short Story1973To Ride Pegasus
0%
Novel1994Treaty at Doona
0%
Short Story1973Velvet Fields
0%
Short Story1969Weather on Welladay
0%
Novella1967Weyr Search
0%
Short Story1992Zulei, Grace, Nimshi and the Damnyankees
0%

Score Distribution

Percentile by Number Answered

Percent of People with Each Score

Your Score History

You have not taken this quiz